|
|
|
|
| LEADER |
06265nam a22005537a 4500 |
| 001 |
43172 |
| 003 |
BD-DhAAL |
| 008 |
240922t2021 ii a b 001 0 eng d |
| 020 |
|
|
|a 9788131256954
|
| 020 |
|
|
|a 9788131257067
|c eBook
|
| 040 |
|
|
|a BD-DhAAL
|c BD-DhAAL
|
| 082 |
0 |
0 |
|a 615.58
|
| 245 |
1 |
0 |
|a Pharmacology and pharmacotherapeutics /
|c R.S. Satoskar ... [et al.].
|
| 246 |
3 |
|
|a Pharmacology & pharmacotherapeutics
|
| 250 |
|
|
|a Twenty-sixth edition.
|
| 260 |
|
|
|c
|
| 264 |
|
|
|a Mumbai :
|b Elsevier ;
|b Popular Prakashan,
|c c2021.
|
| 300 |
|
|
|a xxv, 1123 pages :
|b illustrations (some colors) ;
|c 24 cm.
|
| 504 |
|
|
|a Includes bibliographical references (page 1003) and index.
|
| 526 |
|
|
|a PHR
|x Dr. Hasina Yasmin,
Assistant Dean and Program Director
Course name : Pharmacology I, II and III (PHR 213, PHR 302 and PHR 411).
|
| 541 |
|
|
|a Book Finder International
|e 43172, 43173, 43174, 43175, 43176, 43345, 43346, 43347, 43348, 43349, 43350, 43351, 43352, 43353, 43354
|
| 650 |
|
0 |
|a Pharmacology.
|9 43794
|
| 650 |
|
0 |
|a Drug interactions.
|9 43795
|
| 650 |
|
0 |
|a Chemotherapy.
|9 43796
|
| 650 |
|
0 |
|a Drugs
|x Prescribing.
|9 43797
|
| 650 |
|
0 |
|a Pharmacy.
|9 43798
|
| 700 |
1 |
|
|a Satoskar, R. S.
|9 43793
|
| 700 |
1 |
|
|a Rege, Nirmala N.
|9 43800
|
| 700 |
1 |
|
|a Tripathi, Raakhi K.
|9 43793
|
| 700 |
1 |
|
|a Kamat, Sandhya K.
|9 43801
|
| 740 |
0 |
|
|a Guide lines for paediatric drug prescribing for family physicians
|
| 852 |
1 |
|
|a Ayesha Abed Library
|c General Stacks
|
| 942 |
|
|
|2 ddc
|c BK
|
| 999 |
|
|
|c 46946
|d 46946
|
| 952 |
|
|
|0 0
|1 0
|2 ddc
|4 0
|6 615_580000000000000_PHA
|7 0
|9 76515
|a PHR
|b PHR
|d 2024-09-17
|e Book Finder International
|g 1733.00
|l 0
|o 615.58 PHA
|p 3010043173
|r 2024-09-17
|t 2
|v 1733.00
|w 2024-09-17
|y BK
|x Requisitioned by Dr. Hasina Yasmin for the course named- "Pharmacology I, II and III (PHR 213, PHR 302 and PHR 411)".
|
| 952 |
|
|
|0 0
|1 0
|2 ddc
|4 0
|6 615_580000000000000_PHA
|7 0
|9 76516
|a PHR
|b PHR
|d 2024-09-17
|e Book Finder International
|g 1733.00
|l 0
|o 615.58 PHA
|p 3010043176
|r 2024-09-17
|t 5
|v 1733.00
|w 2024-09-17
|y BK
|x Requisitioned by Dr. Hasina Yasmin for the course named- "Pharmacology I, II and III (PHR 213, PHR 302 and PHR 411)".
|
| 952 |
|
|
|0 0
|1 0
|2 ddc
|4 0
|6 615_580000000000000_PHA
|7 0
|9 76517
|a PHR
|b PHR
|d 2024-09-17
|e Book Finder International
|g 1733.00
|l 0
|o 615.58 PHA
|p 3010043175
|r 2024-09-17
|t 4
|v 1733.00
|w 2024-09-17
|y BK
|x Requisitioned by Dr. Hasina Yasmin for the course named- "Pharmacology I, II and III (PHR 213, PHR 302 and PHR 411)".
|
| 952 |
|
|
|0 0
|1 0
|2 ddc
|4 0
|6 615_580000000000000_PHA
|7 0
|9 76518
|a PHR
|b PHR
|d 2024-09-17
|e Book Finder International
|g 1733.00
|l 0
|o 615.58 PHA
|p 3010043172
|r 2024-09-17
|t 1
|v 1733.00
|w 2024-09-17
|y BK
|x Requisitioned by Dr. Hasina Yasmin for the course named- "Pharmacology I, II and III (PHR 213, PHR 302 and PHR 411)".
|
| 952 |
|
|
|0 0
|1 0
|2 ddc
|4 0
|6 615_580000000000000_PHA
|7 0
|9 76519
|a PHR
|b PHR
|d 2024-09-17
|e Book Finder International
|g 1733.00
|l 0
|o 615.58 PHA
|p 3010043174
|r 2024-09-17
|t 3
|v 1733.00
|w 2024-09-17
|y BK
|x Requisitioned by Dr. Hasina Yasmin for the course named- "Pharmacology I, II and III (PHR 213, PHR 302 and PHR 411)".
|
| 952 |
|
|
|0 0
|1 0
|2 ddc
|4 0
|6 615_580000000000000_PHA
|7 0
|9 76620
|a BRACUL
|b BRACUL
|c GEN
|d 2024-09-23
|e Book Finder International
|g 1733.00
|l 0
|o 615.58 PHA
|p 3010043350
|r 2024-09-23
|t 11
|v 1733.00
|w 2024-09-23
|y BK
|x Requisitioned by Dr. Hasina Yasmin for the course named- "Pharmacology I, II and III (PHR 213, PHR 302 and PHR 411)".
|
| 952 |
|
|
|0 0
|1 0
|2 ddc
|4 0
|6 615_580000000000000_PHA
|7 0
|9 76621
|a BRACUL
|b BRACUL
|c GEN
|d 2024-09-23
|e Book Finder International
|g 1733.00
|l 0
|o 615.58 PHA
|p 3010043351
|r 2024-09-23
|t 12
|v 1733.00
|w 2024-09-23
|y BK
|x Requisitioned by Dr. Hasina Yasmin for the course named- "Pharmacology I, II and III (PHR 213, PHR 302 and PHR 411)".
|
| 952 |
|
|
|0 0
|1 0
|2 ddc
|4 0
|6 615_580000000000000_PHA
|7 0
|9 76622
|a BRACUL
|b BRACUL
|c GEN
|d 2024-09-23
|e Book Finder International
|g 1733.00
|l 0
|o 615.58 PHA
|p 3010043352
|r 2024-09-23
|t 13
|v 1733.00
|w 2024-09-23
|y BK
|x Requisitioned by Dr. Hasina Yasmin for the course named- "Pharmacology I, II and III (PHR 213, PHR 302 and PHR 411)"
|
| 952 |
|
|
|0 0
|1 0
|2 ddc
|4 0
|6 615_580000000000000_PHA
|7 0
|9 76623
|a BRACUL
|b BRACUL
|c GEN
|d 2024-09-23
|e Book Finder International
|g 1733.00
|l 0
|o 615.58 PHA
|p 3010043353
|r 2024-09-23
|t 14
|v 1733.00
|w 2024-09-23
|y BK
|x Requisitioned by Dr. Hasina Yasmin for the course named- "Pharmacology I, II and III (PHR 213, PHR 302 and PHR 411)".
|
| 952 |
|
|
|0 0
|1 0
|2 ddc
|4 0
|6 615_580000000000000_PHA
|7 0
|9 76624
|a BRACUL
|b BRACUL
|c GEN
|d 2024-09-23
|e Book Finder International
|g 1733.00
|l 2
|o 615.58 PHA
|p 3010043354
|r 2025-12-23
|s 2025-09-04
|t 15
|v 1733.00
|w 2024-09-23
|y BK
|x Requisitioned by Dr. Hasina Yasmin for the course named- "Pharmacology I, II and III (PHR 213, PHR 302 and PHR 411)".
|
| 952 |
|
|
|0 0
|1 0
|2 ddc
|4 0
|6 615_580000000000000_PHA
|7 0
|9 76625
|a BRACUL
|b BRACUL
|c GEN
|d 2024-09-23
|e Book Finder International
|g 1733.00
|l 0
|o 615.58 PHA
|p 3010043348
|r 2024-09-23
|t 9
|v 1733.00
|w 2024-09-23
|y BK
|x Requisitioned by Dr. Hasina Yasmin for the course named- "Pharmacology I, II and III (PHR 213, PHR 302 and PHR 411)".
|
| 952 |
|
|
|0 0
|1 0
|2 ddc
|4 0
|6 615_580000000000000_PHA
|7 0
|9 76626
|a BRACUL
|b BRACUL
|c GEN
|d 2024-09-23
|e Book Finder International
|g 1733.00
|l 0
|o 615.58 PHA
|p 3010043347
|r 2024-09-23
|t 8
|v 1733.00
|w 2024-09-23
|y BK
|x Requisitioned by Dr. Hasina Yasmin for the course named- "Pharmacology I, II and III (PHR 213, PHR 302 and PHR 411)".
|
| 952 |
|
|
|0 0
|1 0
|2 ddc
|4 0
|6 615_580000000000000_PHA
|7 0
|9 76627
|a BRACUL
|b BRACUL
|c GEN
|d 2024-09-23
|e Book Finder International
|g 1733.00
|l 0
|o 615.58 PHA
|p 3010043346
|r 2024-09-23
|t 7
|v 1733.00
|w 2024-09-23
|y BK
|x Requisitioned by Dr. Hasina Yasmin for the course named- "Pharmacology I, II and III (PHR 213, PHR 302 and PHR 411)".
|
| 952 |
|
|
|0 0
|1 0
|2 ddc
|4 0
|6 615_580000000000000_PHA
|7 0
|9 76628
|a BRACUL
|b BRACUL
|c GEN
|d 2024-09-23
|e Book Finder International
|g 1733.00
|l 0
|o 615.58 PHA
|p 3010043345
|r 2024-09-23
|t 6
|v 1733.00
|w 2024-09-23
|y BK
|x Requisitioned by Dr. Hasina Yasmin for the course named- "Pharmacology I, II and III (PHR 213, PHR 302 and PHR 411)".
|
| 952 |
|
|
|0 0
|1 0
|2 ddc
|4 0
|6 615_580000000000000_PHA
|7 0
|9 76629
|a BRACUL
|b BRACUL
|c GEN
|d 2024-09-23
|e Book Finder International
|g 1733.00
|l 1
|o 615.58 PHA
|p 3010043349
|q 2026-06-02
|r 2026-05-20
|s 2026-05-20
|t 10
|v 1733.00
|w 2024-09-23
|y BK
|x Requisitioned by Dr. Hasina Yasmin for the course named- "Pharmacology I, II and III (PHR 213, PHR 302 and PHR 411)".
|